Operatornyje metody v statističeskoj dinamike avtomatičeskich sistem /

Salvato in:
Dettagli Bibliografici
Autore principale: Skljarevič, A.N (Autore)
Natura: Libro
Lingua:russo
Pubblicazione: Moskva : Nauka, 1965
Tags: Aggiungi Tag
Nessun Tag, puoi essere il primo ad aggiungerne!!

MARC

LEADER 00000nam a22000003a 4500
001 stu42018
005 20150617225722.7
008 940208s1965----xxr-----------------rus-d
040 |a STU  |b slo 
041 0 |a rus 
044 |a xxr 
100 1 |a Skljarevič, A.N  |4 aut 
245 1 |a Operatornyje metody v statističeskoj dinamike avtomatičeskich sistem /  |c [aut.]A.N. Skljarevič 
260 |a Moskva :  |b Nauka,  |c 1965 
300 |a 459 s 
996 |b 284M002366  |c M*4906-1  |l MMKN  |s A  |a 24  |w stu42018_0001